| 000 | 00841nam a22002657a 4500 | ||
|---|---|---|---|
| 001 | 9336 | ||
| 003 | FISKH | ||
| 005 | 20251211103521.0 | ||
| 008 | 251211b cb ||||| |||| 00| 0 eng d | ||
| 020 | _a9780545512442 | ||
| 040 |
_aFISKH _beng _cFISKH _dFISKH |
||
| 050 | _aPZ7.W1675 B | ||
| 082 | _a813.54 | ||
| 100 | _aWalsh, Ellen Stoll | ||
| 245 |
_aBalancing act / _c Ellen Stoll Walsh |
||
| 260 |
_aNew York : _bScholastic, _c2010. |
||
| 300 |
_a32 unnumbered pages : _bcolor illustrations ; _c19 cm |
||
| 505 | _aG | ||
| 520 | _aTwo mice have fun playing on a teeter-totter, but as more and larger friends join them, it becomes increasingly difficult to stay balanced. | ||
| 521 | 8 |
_a320
_bLexile AD |
|
| 521 | 8 |
_aG
_bRaz-Plus |
|
| 650 |
_aBalancing _vPicture book _xScience |
||
| 942 |
_2ddc _cBK _n0 |
||
| 999 |
_c9336 _d9336 |
||